00422nam a2200145Ia 4500003000900000008004100009020001800050040001600068080001500084100002000099245009300119260003700212300001700249650001000266IN-BaIIA211028s9999 xx 000 0 eng d a0-387-95436-8 cIIA Library a524.3bKAL aKaler, James B. 4aThe hundred greatest starscKaler, James B  aNew YorkbCopernicus Booksc2002 axxvii, 213p. aStars